000
00260nam a22001097a 4500
008
160511b xxu||||| |||| 00| 0 eng d
020
_a
9780415502306
041
_a
eng
080
_a
316.77
245
_a
Performance studies:
_c
Richard Schechner;
942
_2
udc
_c
BK
999
_c
2024
_d
2024